Seminar on differential equations and dynamical systems
Guardado en:
| Autor principal: | |
|---|---|
| Formato: | Libro |
| Lenguaje: | inglés |
| Publicado: |
Berlín
Springer-Verlag
1968
|
| Colección: | Lecture Notes In Mathematics, 60
|
| Materias: | |
| Etiquetas: |
Agregar Etiqueta
Sin Etiquetas, Sea el primero en etiquetar este registro!
|
MARC
| LEADER | 00000nam a2200000 a 4500 | ||
|---|---|---|---|
| 001 | UCP3414 | ||
| 003 | CL-VaPUC | ||
| 008 | 990618e19680000GW |||||||||||||||||eng|d | ||
| 082 | 0 | 4 | |a 515.352 |b JON |2 21 |
| 100 | 0 | |a Jones, G. Stephen |e author |9 430662 | |
| 245 | 1 | 0 | |a Seminar on differential equations and dynamical systems |
| 300 | |a 106 p | ||
| 942 | |c BK | ||
| 945 | |d 19990618 00:00:00 |a crobeson | ||
| 260 | |a Berlín |b Springer-Verlag |c 1968 | ||
| 650 | 0 | |a Sistemas dinámicos |9 260496 | |
| 650 | 0 | |a Ecuaciones diferenciales |9 260083 | |
| 650 | 7 | |a PERTURBACIONES |2 CL-VaPUC |9 425458 | |
| 650 | 7 | |a EQUIVALENCIA ASINTOTICA |2 CL-VaPUC |9 430663 | |
| 650 | 7 | |a ECUAACIONES DIFERNCIALES PARCIALES |2 CL-VaPUC |9 430664 | |
| 583 | |a last modification |c 19990618 00:00:00 |k Rodrigo Vera | ||
| 490 | 0 | |a Lecture Notes In Mathematics, 60 | |
| 999 | |c 281739 |d 281737 | ||
| 952 | |0 0 |1 0 |4 0 |6 515_352000000000000_JON_1968 |7 0 |8 A |9 322713 |a BIBMAT |b BIBMAT |d 2019-11-20 |i 1350889 |o 515.352 JON 1968 |p 1350889 |r 2025-01-07 |w 2019-11-20 |y BK |k MAT | ||